[Event "56th ch-RUS"]
[Site "Krasnoyarsk RUS"]
[Date "2003.09.03"]
[Round "1"]
[White "Yandarbiev,R"]
[Black "Sveshnikov,E"]
[Result "0-1"]
[WhiteElo "2424"]
[BlackElo "2561"]

1.e4 c5 2.Nf3 Nc6 3.Nc3 e5 4.Bc4 Be7 5.d3 Nf6 6.O-O O-O 7.Nd5 d6 8.c3 Be6
9.Nxf6+ Bxf6 10.Be3 Qd7 11.Ng5 Bxg5 12.Bxe6 Qxe6 13.Bxg5 f5 14.Qb3 Qxb3 15.axb3 h6
16.Bd2 f4 17.f3 Kf7 18.Kf2 g5 19.h4 Rg8 20.hxg5 hxg5 21.Rh1 Rh8 22.c4 Kg6
23.Bc3 a6 24.Rh3 Raf8 25.Kg1 Rh7 26.Rxh7 Kxh7 27.g3 Kg6 28.Kg2 Rh8 29.gxf4 gxf4
30.Ra4 Kf6 31.Ra1 Ke6 32.Ra4 Kd7 33.Ra1 Kc7 34.Ra4 Rg8+ 35.Kf2 b5 36.Rxa6 b4
37.Bd2 Nd4 38.Ra7+ Kc6 39.Ra6+ Kd7 40.Ra7+ Kc6 41.Be1 Rg3 42.Kf1 Rxf3+ 43.Kg2 Rxd3
44.Bh4 Rxb3 45.Ra2 Re3 46.Be7 Rxe4 47.Ra6+ Kb7 48.Rxd6 Nf5 49.Re6 Nxe7 50.Rxe7+ Kc6
51.b3 Re3  0-1

[Event "Polish Extraleague"]
[Site "Lubniewice POL"]
[Date "2003.09.03"]
[Round "5"]
[White "Swicarz,M"]
[Black "Mikrut,D"]
[Result "1/2-1/2"]
[WhiteElo "2308"]
[BlackElo "2390"]

1.e4 c5 2.Nc3 Nc6 3.Bb5 Nd4 4.Bc4 e6 5.Nf3 a6 6.Nxd4 cxd4 7.Ne2 Bc5 8.O-O Nf6
9.d3 d5 10.exd5 Nxd5 11.Nf4 Nxf4 12.Bxf4 O-O 13.Qf3 Qb6 14.Rab1 a5 15.Qg3 Kh8
16.Rfe1 Qc6 17.Re5 Bd6 18.Rh5 Bxf4 19.Qxf4 b5 20.Bxb5 Qxc2 21.Re1 Bb7 22.Qh4 h6
23.Qxd4 Rac8 24.Rxh6+ Kg8 25.Rh3 Qd2 26.Qe3 Rc2 27.Bc4 Bd5 28.b3 Rxa2 29.Qxd2 Rxd2
30.Rhe3 Bxc4 31.dxc4 Rb8 32.g3 Rb2 33.Ra1 R8xb3 34.Rxb3 Rxb3 35.Rxa5 Rc3
36.Rc5 Kh7 37.Rc7 Kg6 38.c5 e5 39.c6 Kf6 40.Rc8 g6 41.h4 Kf5 42.Kg2 e4 43.c7 Rc1
44.g4+ Kxg4 45.h5 e3 46.fxe3 Rc2+ 47.Kf1 Kf3 48.Ke1 gxh5 49.Rh8 Rxc7 50.Rxh5 Kxe3
51.Rh3+ Ke4 52.Ra3 Rc4 53.Kf2 f5 54.Rb3 Kf4 55.Rf3+ Ke5 56.Re3+ Kf6 57.Ra3 Rh4
58.Rb3 Kg5 59.Ra3 Rh2+ 60.Kf1 Rc2 61.Rb3 Kg4 62.Rb4+ f4 63.Rb3 Rd2 64.Ra3 f3  1/2-1/2

[Event "WGM"]
[Site "Punat CRO"]
[Date "2003.09.03"]
[Round "11"]
[White "Grabics,M"]
[Black "Kaps,D"]
[Result "1-0"]
[WhiteElo "2316"]
[BlackElo "2237"]

1.e4 c5 2.Nf3 Nc6 3.Nc3 e5 4.Bc4 d6 5.d3 Be7 6.Nd2 Nf6 7.Nf1 O-O 8.Ne3 Be6
9.O-O Qd7 10.Bd2 Nd4 11.a3 Rae8 12.Ncd5 Bxd5 13.Nxd5 Nxd5 14.Bxd5 b6 15.b4 Bd8
16.g3 Qh3 17.bxc5 dxc5 18.a4 h5 19.a5 g6 20.axb6 axb6 21.Bh6 h4 22.Bxf8 Rxf8
23.c3 hxg3 24.fxg3 Ne6 25.Bxe6 Qxe6 26.Ra8 Kg7 27.c4 Rh8 28.Qf3 Qd7 29.Kh1 f6
30.Rfa1 Qh3 31.R1a7+ Kh6 32.Qe3+ g5 33.Qf3 g4 34.Rxd8  1-0

[Event "TCh-CHN Women"]
[Site "Tianjing CHN"]
[Date "2003.09.03"]
[Round "4"]
[White "Xu Yuhua"]
[Black "Ning Chunhong"]
[Result "1-0"]
[WhiteElo "2475"]
[BlackElo "2390"]

1.e4 c5 2.Nc3 Nc6 3.Nf3 e5 4.Bc4 Be7 5.d3 d6 6.O-O Nf6 7.Ng5 O-O 8.f4 exf4
9.Bxf4 Ne5 10.Bxe5 dxe5 11.Qe1 a6 12.a4 h6 13.Nf3 Be6 14.Kh1 Qd6 15.Qg3 Nd7
16.Nd5 Bxd5 17.Bxd5 Qc7 18.a5 Rad8 19.Bb3 Bf6 20.Nd2 Kh7 21.Nc4 Nb8 22.Ne3 Nc6
23.Nd5 Rxd5 24.Bxd5 Nxa5 25.Rf3 Nc6 26.Raf1 Qd6 27.c3 b6 28.Qf2 Ne7 29.Bb3 Ng6
30.g3 h5 31.Qe2 h4 32.Rf5 hxg3 33.Qh5+ Kg8 34.Qxg6  1-0

[Event "56th ch-RUS"]
[Site "Krasnoyarsk RUS"]
[Date "2003.09.04"]
[Round "2"]
[White "Landa,K"]
[Black "Kurnosov,I"]
[Result "1/2-1/2"]
[WhiteElo "2614"]
[BlackElo "2527"]

1.e4 c5 2.Nc3 Nc6 3.Nf3 e5 4.Bc4 Be7 5.d3 Nf6 6.O-O O-O 7.Ne1 d6 8.f4 exf4
9.Bxf4 Be6 10.Nd5 Bxd5 11.Bxd5 Nxd5 12.exd5 Nb4 13.c4 Bg5 14.a3 Na6 15.Nc2 Bxf4
16.Rxf4 Nb8 17.b4  1/2-1/2

[Event "Polish Extraleague"]
[Site "Lubniewice POL"]
[Date "2003.09.04"]
[Round "6"]
[White "Socha,A"]
[Black "Kucypera,A"]
[Result "1/2-1/2"]
[WhiteElo "2126"]
[BlackElo "2227"]

1.e4 c5 2.Nc3 Nc6 3.Nf3 e5 4.Bc4 Be7 5.d3 d6 6.O-O Be6 7.Ne1 Nf6 8.Nd5 O-O
9.f4 exf4 10.Bxf4 a6 11.Nxe7+ Qxe7 12.Bg5 Ne5 13.Bd5 Bxd5 14.Bxf6 gxf6 15.exd5 Kh8
16.d4 cxd4 17.Qxd4 Rg8 18.Rf4 Rg6 19.Nf3 Nxf3+ 20.Rxf3 Rag8 21.g3 Qe2 22.Qc3 Rh6
23.Rf2 Qe4 24.Qf3 Qxf3 25.Rxf3 Rc8 26.c3 Rc5 27.Rf5 Kg7 28.Kg2 Rg6 29.Raf1 Rc7
30.h4 Re7 31.Kh3 Re3 32.R1f3 Re2 33.Rf2 Re3 34.R5f3 Re1 35.Rf1  1/2-1/2

[Event "V Open"]
[Site "Sants ESP"]
[Date "2003.09.04"]
[Round "6"]
[White "Lacasa Diaz,J"]
[Black "Ikonnikov,V"]
[Result "1/2-1/2"]
[WhiteElo "2398"]
[BlackElo "2546"]

1.e4 c5 2.Nf3 Nc6 3.Nc3 Nf6 4.Bb5 Qc7 5.O-O Nd4 6.Re1 a6 7.Bf1 Ng4 8.g3 Nxf3+
9.Qxf3 Ne5 10.Qd1 e6 11.Bg2 Be7 12.b3 O-O 13.Bb2 f6 14.a4 b6 15.Ne2 Bb7 16.d4 cxd4
17.Nxd4 Nc6 18.c4 Nxd4 19.Bxd4 Bb4 20.Re2 Bc6 21.Qd3 Qb7 22.Bc3 Bxc3 23.Qxc3 f5
24.Qe5 b5 25.cxb5 axb5 26.a5 b4 27.h4 fxe4 28.Bxe4 Bxe4 29.Qxe4 Qxe4 30.Rxe4 Rfb8
31.Kf1 Kf7 32.Ra4 Rb5 33.Rexb4 Raxa5 34.Ke2 h5 35.Rxa5 Rxa5 36.Ke3 d5 37.f4 Kf6
38.Rb8 Ra1 39.Rf8+ Ke7 40.Rh8 g6 41.Rg8 Kf7 42.Rb8 Rg1 43.Kf2 Rc1 44.b4 Rc2+
45.Ke3 Rc3+ 46.Kf2 Rb3 47.b5 Kf6 48.b6 Kf5 49.b7 Ke4 50.Re8 Rb2+ 51.Ke1 Rxb7
52.Rxe6+ Kf3 53.Rxg6 Ke3 54.Re6+ Kf3 55.Rg6 Ke3  1/2-1/2

[Event "1st League TCh-SCG"]
[Site "Budva SCG"]
[Date "2003.09.05"]
[Round "7"]
[White "Zlatic,M"]
[Black "Miljkovic,Mir"]
[Result "1/2-1/2"]
[WhiteElo "2392"]
[BlackElo "2414"]

1.e4 c5 2.Nf3 Nc6 3.Nc3 e5 4.Bc4 Be7 5.d3 d6 6.Nd2 Nf6 7.Nf1 O-O 8.Ne3 Be6
9.O-O Qd7 10.Ncd5 Rad8 11.Bd2 Ne8 12.a3 Bg5 13.b4 Bxe3 14.Bxe3 b6 15.Bb5 Kh8
16.c3 Qb7 17.Bxc6 Qxc6 18.c4 Nc7 19.a4 Bxd5 20.exd5 Qd7 21.a5 cxb4 22.axb6 axb6
23.Qb3 Ra8 24.Qxb4 b5 25.f4 f6 26.Rxa8 Rxa8 27.fxe5 fxe5 28.Bb6 h6 29.Bxc7 Qxc7
30.Qxb5 Rb8 31.Qa4 Qc5+ 32.Kh1 Qd4 33.Qa3 Qf2 34.Qa1 Qe3 35.Rf3 Qd2 36.Qf1 Kh7
37.h3 Qc2 38.Kh2 e4 39.Rg3 exd3 40.Qf5+ Kh8 41.Qxd3 Qxd3 42.Rxd3 Rb2 43.Kg3 Rc2
44.Rd4 Kg8 45.Re4 Rc3+ 46.Kf2 Kf7 47.h4 h5 48.g4 hxg4 49.Rxg4 g6 50.Ke2 Kf6
51.Kd2 Rh3 52.Re4 Kf5 53.Re6 Rxh4 54.Kc3 g5 55.Rxd6 g4 56.Rd8 g3 57.Rf8+ Ke4
58.d6 Rh7 59.Re8+ Kf5 60.Rf8+  1/2-1/2

[Event "56th ch-RUS"]
[Site "Krasnoyarsk RUS"]
[Date "2003.09.05"]
[Round "3"]
[White "Kurnosov,I"]
[Black "Tiviakov,S"]
[Result "1/2-1/2"]
[WhiteElo "2527"]
[BlackElo "2613"]

1.e4 c5 2.Nc3 Nc6 3.Nf3 g6 4.d4 cxd4 5.Nxd4 Bg7 6.Be3 Nf6 7.Nxc6 bxc6 8.e5 Ng8
9.f4 f6 10.Bd4 Qa5 11.Qe2 fxe5 12.Bxe5 Nf6 13.O-O-O O-O 14.Bd4 d5 15.Qe1 Rf7
16.a3 Nh5 17.Bxg7 Nxg7 18.Bd3 Rb8 19.Qe5 Rb7 20.Rhf1 Bd7 21.h3 Qc7 22.Ba6 Qxe5
23.fxe5 Rb8 24.Rxf7 Kxf7 25.Na4 Ne6 26.Be2 c5 27.Bg4 Rc8 28.Nc3 d4 29.Ne4 Ke8
30.Rf1 h5 31.Be2 c4 32.Kd2 Bc6 33.Bf3 Kd7 34.h4 Rb8 35.Kc1 Rb5 36.Nd2 c3
37.bxc3 dxc3 38.Bxc6+ Kxc6 39.Ne4 Rxe5 40.Nxc3 Re3 41.Kb2 Rg3 42.Re1 Nf4
43.Re4 Nxg2 44.Rxe7 Nxh4 45.Rxa7 Nf3 46.a4 h4 47.Rh7 g5 48.Kb3 Rg4 49.a5 Nd4+
50.Kb2 Nb5 51.Nd1 Nd6 52.Nf2 Ra4 53.Kb3 Rxa5  1/2-1/2

[Event "VII Pablo Gorbea"]
[Site "Madrid ESP"]
[Date "2003.09.05"]
[Round "5"]
[White "Orfali,M"]
[Black "Rodriguez Cordon,L"]
[Result "0-1"]
[WhiteElo "2035"]
[BlackElo "2248"]

1.e4 c5 2.Nf3 Nc6 3.Nc3 g6 4.g3 Bg7 5.Bg2 d6 6.h3 e5 7.d3 Nge7 8.O-O O-O
9.Nh2 Be6 10.Nd5 f5 11.f4 Qd7 12.h4 Rae8 13.c3 fxe4 14.dxe4 Bh3 15.h5 Bxg2
16.Kxg2 exf4 17.Bxf4 Ne5 18.Bxe5 Bxe5 19.Qb3 Kh8 20.Nxe7 Qxe7 21.Rxf8+ Rxf8
22.Rf1 Bf6 23.Qd5 gxh5 24.Rf5 h4 25.g4 Rg8 26.Kh3 Rg5 27.a3 Rxf5 28.gxf5 Be5
29.Ng4 h5  0-1

[Event "1st League TCh-SCG"]
[Site "Budva SCG"]
[Date "2003.09.06"]
[Round "8"]
[White "Zlatic,M"]
[Black "Civric,Z"]
[Result "1-0"]
[WhiteElo "2392"]
[BlackElo "2186"]

1.e4 c5 2.Nc3 Nc6 3.Bb5 g6 4.Bxc6 dxc6 5.d3 Bg7 6.Be3 b6 7.Qd2 e5 8.Nge2 h6
9.O-O Nf6 10.h3 Nh5 11.f4 exf4 12.Nxf4 Nxf4 13.Bxf4 Be6 14.a4 a5 15.Kh1 g5
16.Bg3 Qd7 17.e5 O-O 18.Ne4 Bd5 19.Rae1 Rad8 20.Kh2 Bxe4 21.Rxe4 Qe6 22.h4 f5
23.exf6 Qxe4 24.Re1 Qf5 25.fxg7 Rfe8 26.Qc3 gxh4 27.Bxh4 Rxe1 28.Qxe1 Rd7
29.Bf6 Qh5+ 30.Kg1 Qf7 31.Qe5 Rd5 32.Qb8+ Kh7 33.Qh8+ Kg6 34.g8=Q+ Qxg8 35.Qxg8+ Kxf6
36.Qf8+ Kg5 37.Qg7+ Kh5 38.Qc7  1-0

[Event "1st League TCh-SCG w"]
[Site "Budva SCG"]
[Date "2003.09.06"]
[Round "8"]
[White "Zozulia,A"]
[Black "Stojanovic,An"]
[Result "*"]
[WhiteElo "2342"]
[BlackElo "2170"]

1.e4 c5 2.Nf3 Nc6 3.Nc3 g6 4.d4 cxd4 5.Nxd4 Bg7 6.Be3 d6 7.Be2 Nf6 8.Nb3 O-O
9.O-O a6 10.a4 Qc7 11.f4 Bd7 12.Kh1 b6 13.Nd5 Nxd5 14.exd5 Na5 15.Nxa5 bxa5
16.c3 Rfb8 17.Ra2 Qb7 18.Bc4 Rc8 19.Be2 Rcb8 20.Kg1 Qb3 21.Qxb3 Rxb3 22.Bc4 Rb7
23.Rc1 Rc7 24.Be2 Rb7 25.Bc4 Rc7 26.Be2 Rb7 27.Bc4 Rc7 28.Be2 Rb7  *

[Event "Polish Extraleague"]
[Site "Lubniewice POL"]
[Date "2003.09.06"]
[Round "8"]
[White "Toczek,G"]
[Black "Singer,K"]
[Result "1-0"]
[WhiteElo "2325"]
[BlackElo "2205"]

1.e4 c5 2.Nc3 Nc6 3.Bb5 Nd4 4.Bc4 e6 5.Nf3 a6 6.Nxd4 cxd4 7.Ne2 b5 8.Bb3 Bb7
9.d3 Bc5 10.O-O d5 11.exd5 Bxd5 12.Bxd5 Qxd5 13.Nf4 Qd7 14.Nxe6 Bf8 15.Nxf8 Kxf8
16.a4 Rc8 17.axb5 axb5 18.Re1 Nf6 19.Bg5 Nd5 20.Qf3 h6 21.Bh4 g5 22.Bg3 f6
23.Re5 Nf4 24.Bxf4 fxe5 25.Bxe5+ Kg8 26.Qf6 Rh7 27.Ra6  1-0

[Event "VII Pablo Gorbea"]
[Site "Madrid ESP"]
[Date "2003.09.06"]
[Round "6"]
[White "Paredes Sanchez,J"]
[Black "Souleidis,G"]
[Result "0-1"]
[WhiteElo "2182"]
[BlackElo "2382"]

1.e4 c5 2.Nf3 Nc6 3.Nc3 Nf6 4.Bb5 Qc7 5.O-O Nd4 6.Nxd4 cxd4 7.Nd5 Nxd5 8.exd5 Qc5
9.Qe2 Qxd5 10.b4 e6 11.Bc4 Qc6 12.Bb2 Bxb4 13.Bxd4 O-O 14.Bd3 f5 15.Rab1 Bc5
16.Bb5 Qc7 17.Ba1 a6 18.Ba4 b5 19.Bb3 Bb7 20.d4 Bd6 21.h3 Rac8 22.a4 bxa4
23.Bxa4 Bd5 24.Bb3 Bc4 25.Bxc4 Qxc4 26.Qxc4 Rxc4 27.Rb6 Rc6 28.Rxc6 dxc6
29.Bc3 Rb8 30.g3 Kf7 31.Ra1 Ra8 32.Kf1 Ke7 33.Ke2 Kd7 34.Kd3 Bc7 35.Kc4 a5
36.Ra4 Bb6 37.Bd2 e5 38.Be3 exd4 39.Bxd4 Bxd4 40.Kxd4 Kd6 41.Kc4 g5 42.c3 h5
43.Ra2 a4 44.Rd2+ Ke5 45.Re2+ Kf6 46.f4 a3 47.Ra2 gxf4 48.gxf4 h4 49.Kc5 Ra6
50.Kd6 Ra4 51.Kc5 Rxf4 52.Rxa3 Rf3 53.Kd4 Rxh3 54.Ra6 Rg3 55.Rxc6+ Kg5 56.Rc8 h3
57.Rg8+ Kf4 58.Rh8 Kf3 59.Ke5 Kg2  0-1

[Event "1st League TCh-SCG"]
[Site "Budva SCG"]
[Date "2003.09.08"]
[Round "10"]
[White "Zlatic,M"]
[Black "Pavlovic,Mi"]
[Result "0-1"]
[WhiteElo "2392"]
[BlackElo "2569"]

1.e4 c5 2.Nc3 Nc6 3.Bb5 g6 4.Bxc6 bxc6 5.d3 Bg7 6.Nge2 d6 7.O-O Rb8 8.b3 Nh6
9.h3 O-O 10.Be3 f5 11.Qd2 Nf7 12.Rae1 e5 13.f4 g5 14.g3 gxf4 15.gxf4 fxe4
16.f5 exd3 17.cxd3 Kh8 18.Kh2 d5 19.Bxc5 Bh6 20.Qd1 Rg8 21.Ng3 Qh4 22.Nh5 Rg5
23.Be7 Qxh5 24.Bf6+ Kg8 25.Bxg5 Qxd1 26.Nxd1 Bxg5 27.Ne3 Rb4 28.Kg2 Ba6 29.Nc2 Rh4
30.Rf3 Bf4 31.d4 e4 32.Rc3 Ng5 33.Rxc6 Rxh3 34.Rxa6 Rh2+ 35.Kf1 Rxc2 36.Rxa7 Nf3
37.Re2 Rc1+ 38.Kg2 Nxd4 39.Rf2 Be3 40.Rf1 Rc2+ 41.Kh3 Nf3 42.Rd7 h5 43.Rxd5 Bf4
44.Rh1 e3 45.Rd7 Rf2 46.a4 e2 47.Re7 e1=Q 48.Rexe1 Nxe1 49.Kh4 Nf3+ 50.Kxh5 Kf7
51.Kg4 Ne5+ 52.Kh5 Kf6 53.a5 Kxf5 54.Kh4 Rf3 55.a6 Bg5+ 56.Kh5 Nf7  0-1

[Event "1st League TCh-SCG"]
[Site "Budva SCG"]
[Date "2003.09.08"]
[Round "10"]
[White "Solak,D"]
[Black "Pap,M"]
[Result "1-0"]
[WhiteElo "2521"]
[BlackElo "2441"]

1.e4 c5 2.Nc3 Nc6 3.Bb5 g6 4.Bxc6 dxc6 5.d3 Bg7 6.Be3 b6 7.Qd2 Nf6 8.Bh6 Bxh6
9.Qxh6 Ng4 10.Qd2 e5 11.h3 Nf6 12.f4 Qe7 13.Nf3 exf4 14.Qxf4 Nh5 15.Qh6 f5
16.O-O f4 17.Ne2 Bd7 18.Nxf4 O-O-O 19.Qg5 Qe8 20.Nxh5 gxh5 21.Qe5 Qg8 22.Qxh5 Qg7
23.Qe5 Qh6 24.Qg5 Qd6 25.Qe5 Qh6 26.Qg5 Qd6 27.e5 Qd5 28.Kh2 Rhg8 29.Qe3 Rde8
30.Qe4 Qe6 31.Nd2 Qh6 32.Nc4 Re7 33.Rf6 Qg5 34.Qf3 Kc7 35.Re1 Be6 36.Ne3 Kb7
37.Qf4 Qh5 38.Nf5 Bxf5 39.Qxf5 Qh4 40.Re3 Qd4 41.Qe4 Qd7 42.e6 Qe8 43.Rf7 Rg7
44.Rxg7 Rxg7 45.e7 Rf7 46.Qe6 a6 47.Qxf7  1-0

[Event "1st League TCh-SCG"]
[Site "Budva SCG"]
[Date "2003.09.08"]
[Round "10"]
[White "Brenjo,S"]
[Black "Antic,D"]
[Result "1/2-1/2"]
[WhiteElo "2424"]
[BlackElo "2466"]

1.e4 c5 2.Nf3 Nc6 3.Nc3 Nf6 4.d4 cxd4 5.Nxd4 e5 6.Ndb5 d6 7.Bg5 a6 8.Na3 b5
9.Bxf6 gxf6 10.Nd5 f5 11.c3 Bg7 12.exf5 Bxf5 13.Nc2 O-O 14.Nce3 Be6 15.Bd3 f5
16.Qh5 e4 17.Bc2 Ne7 18.Rd1 b4 19.O-O bxc3 20.bxc3 Kh8 21.Kh1 Rc8 22.c4 Rxc4
23.Nf4 Bf7 24.Qe2 Rd4 25.Bb3 Rxd1 26.Rxd1 Be5 27.Bxf7 Rxf7 28.Ne6 Qd7 29.Nc5 Qb5
30.Qxb5 axb5 31.Nb7 f4 32.Ng4 Nf5 33.Nd8 Ra7 34.g3 Rxa2 35.Nf7+ Kg7 36.Nfxe5 dxe5
37.Rd7+ Kf8 38.Nf6 Ra6 39.Nxe4 f3 40.h4 h5 41.Ng5 Nd4 42.Kh2 Rb6 43.Rd8+ Kg7
44.Rd7+ Kg6 45.g4 hxg4 46.Kg3 Kf5 47.Rf7+ Rf6 48.Rxf6+ Kxf6 49.Kxg4 b4 50.Ne4+ Kg7
51.h5 Kh6 52.Nd6 b3 53.Nc4 Kg7 54.Nb2 Kf6 55.Na4 Kf7 56.Nb2 Ke6 57.Nd1 Kf6
58.Nb2 Kg7 59.Na4 Kh6 60.Nb2  1/2-1/2

[Event "56th ch-RUS"]
[Site "Krasnoyarsk RUS"]
[Date "2003.09.08"]
[Round "5"]
[White "Balashov,Y"]
[Black "Zablotsky,S"]
[Result "1/2-1/2"]
[WhiteElo "2500"]
[BlackElo "2410"]

1.e4 c5 2.Nc3 Nc6 3.Nf3 g6 4.d4 cxd4 5.Nxd4 Bg7 6.Be3 Nf6 7.Bc4 O-O 8.O-O d6
9.h3 Bd7 10.Bb3 Na5 11.f4 Qc7 12.Qd3 a6 13.f5 b5 14.fxg6 hxg6 15.Bg5 Qc5
16.Bxf6 exf6 17.Kh1 Rae8 18.Rad1 Nc4 19.Bxc4 bxc4 20.Qd2 Bc8 21.Nf3 f5 22.Qf4 fxe4
23.Ng5 Bh6 24.Ncxe4 Rxe4 25.Nxe4 Bxf4 26.Nxc5 Be5 27.Ne4 Rd8 28.c3 Bf5 29.Rfe1 Kf8
30.Nf2 Bg3 31.Kg1 Rb8 32.Re2 Rb6 33.Rd4 Be6 34.Ne4 Be5 35.Rd1 Bf5 36.Rdd2 Bf4
37.Rd5 Be5 38.Nf2 Bg3 39.Kf1 Be6 40.Rdd2 Bf4 41.Rd1 Bg3 42.Ne4 Be5 43.Nc5 dxc5
44.Rxe5 Rxb2 45.Re2 Rb6 46.g4 Kg7 47.Kf2 g5 48.Kg3 Kf6 49.Rf1+ Kg6 50.Re5 Rb2
51.Rf2 Rb1 52.Rc2 Rd1 53.Rxc5 Bd5 54.Kf2 Rd3 55.Ra5 Rxh3 56.Rxa6+ Be6 57.Ke1 Rg3
58.a4 Rxg4 59.Re2 Rg1+ 60.Kd2 Ra1 61.Ke3 g4 62.Kf4 Rf1+ 63.Ke4 Kg5 64.Ra8 Bf5+
65.Kd4 Kf4 66.a5 g3 67.a6 Rd1+ 68.Kc5 Ra1 69.a7 Bg4 70.Rd2 Bf3 71.Rd4+ Kf5
72.Rg8 g2 73.Rd2 Rxa7 74.Rdxg2 Bxg2 75.Rxg2 Ke4 76.Kxc4 f5 77.Kb5 f4 78.c4 f3
79.Rg1 f2 80.Rf1 Ke3  1/2-1/2

[Event "TCh-CRO"]
[Site "Rabac CRO"]
[Date "2003.09.08"]
[Round "2"]
[White "Zamostni,J"]
[Black "Muse,M"]
[Result "0-1"]
[WhiteElo "2228"]
[BlackElo "2453"]

1.e4 c5 2.Nf3 Nc6 3.Nc3 d6 4.d4 cxd4 5.Nxd4 Nf6 6.Bc4 e6 7.Be3 Bd7 8.f3 Rc8
9.Bb3 Na5 10.Qd3 a6 11.g4 Be7 12.g5 Nh5 13.Rg1 O-O 14.O-O-O b5 15.f4 Nxb3+
16.axb3 b4 17.Nce2 Qa5 18.Kb1 g6 19.Rdf1 e5 20.fxe5 dxe5 21.Nf5 Bxf5 22.exf5 Bc5
23.fxg6 hxg6 24.Qd5 Qb5 25.c4 bxc3 26.Nxc3 Qb4 27.Rf3 Bxe3 28.Rxe3 Rfd8 29.Qxe5 Qxb3
30.Re2 Rxc3  0-1

[Event "1st League TCh-SCG"]
[Site "Budva SCG"]
[Date "2003.09.09"]
[Round "11"]
[White "Georgiev,Ki"]
[Black "Popadic,Dr"]
[Result "1-0"]
[WhiteElo "2637"]
[BlackElo "2261"]

1.e4 c5 2.Nf3 Nc6 3.Nc3 Nf6 4.Bb5 e5 5.Bxc6 dxc6 6.Nxe5 Nxe4 7.Nxe4 Qd4 8.O-O Qxe5
9.d3 Be7 10.Bd2 O-O 11.Bc3 Qc7 12.Qh5 b6 13.f4 f5 14.Ng5 Bxg5 15.Qxg5 h6
16.Qg3 Bb7 17.Rae1 Rae8 18.Be5 Qf7 19.c4 Kh7 20.Re3 Re6 21.h3 Rfe8 22.Rff3 Qd7
23.Kh2 R8e7 24.b3 Bc8 25.Qh4 Qe8 26.Qg3 Rg6 27.Qf2 Qf7 28.Qb2 Ree6 29.Qc3 Qf8
30.a4 Qe7 31.Qe1 a5 32.Kh1 Qd8 33.Re2 Re7 34.Qh4 Qe8 35.Qe1 Qd8 36.Rfe3 Rd7
37.Qd2 Qh4 38.Kh2 Bb7 39.Bb8 Bc8 40.g3 Qf6 41.Qe1 Rb7 42.Be5 Qd8 43.Bb2 Rf7
44.Re8 Qd7 45.R2e3 Qc7 46.Qe2 Qd7 47.h4 Rg4 48.h5 b5 49.Bc3 bxa4 50.bxa4 Qb7
51.R8e7 Rxe7 52.Rxe7 Qb1 53.Qxg4 fxg4 54.Rxg7+  1-0

[Event "1st League TCh-SCG w"]
[Site "Budva SCG"]
[Date "2003.09.09"]
[Round "11"]
[White "Bojkovic,N"]
[Black "Mladenovic,J"]
[Result "1-0"]
[WhiteElo "2408"]
[BlackElo "2151"]

1.e4 c5 2.Nc3 Nc6 3.Bb5 g6 4.Bxc6 dxc6 5.d3 Bg7 6.Be3 b6 7.Qd2 Nf6 8.Bh6 O-O
9.Bxg7 Kxg7 10.f4 b5 11.Nf3 b4 12.Ne2 Qb6 13.Ne5 Ba6 14.b3 Rad8 15.Qe3 Ne8
16.O-O f6 17.Nf3 Nc7 18.a3 bxa3 19.Rxa3 Nb5 20.Ra4 Nd4 21.Nexd4 cxd4 22.Qf2 c5
23.Rfa1 Bb7 24.Rxa7 Ra8 25.Rxa8 Rxa8 26.Qe1 Qb4 27.Rxa8 Qxe1+ 28.Nxe1 Bxa8
29.Nf3 Kf7 30.b4 cxb4 31.Nxd4 e5 32.fxe5 fxe5 33.Nb3 Bc6 34.Nc5 Bb5 35.Kf2 Ke7
36.Ke3 Kd6 37.d4 Bc4 38.Nd3 b3 39.dxe5+ Ke7 40.cxb3 Bxb3 41.Nf4 Bc4 42.Kd4 Bf1
43.g3 g5 44.Nd5+ Ke6 45.Ne3 Be2 46.Nd5 h6 47.Nc3 Ba6 48.Na4 Be2 49.Nc5+ Ke7
50.Kd5 Bg4 51.Nb7 Be6+ 52.Kd4 Bg4 53.Nd6 Ke6 54.Nf5 h5 55.Ne3 Be2 56.Nd5 Bd1
57.h4 gxh4 58.gxh4 Bg4 59.Nf4+ Ke7 60.Kd5 Bf3 61.e6 Bd1 62.Ke5 Bg4 63.Nd5+ Kf8
64.Kf6  1-0

[Event "VII Pablo Gorbea"]
[Site "Madrid ESP"]
[Date "2003.09.09"]
[Round "9"]
[White "Sanchez,Joseph"]
[Black "Alonso,S"]
[Result "0-1"]
[WhiteElo "2410"]
[BlackElo "2474"]

1.e4 c5 2.Nf3 Nc6 3.Nc3 g6 4.Bb5 Bg7 5.O-O e5 6.Bxc6 bxc6 7.d3 d6 8.a3 a5
9.Rb1 Ne7 10.Nd2 O-O 11.b4 axb4 12.axb4 cxb4 13.Rxb4 Be6 14.Qe2 Qa5 15.Rb7 Qxc3
16.Bb2 Qc5 17.c4 d5 18.Bc3 Qd6 19.exd5 cxd5 20.Bb4 Qa6 21.Rxe7 Rfb8 22.Rb1 dxc4
23.dxc4 Bf8 24.Rxe6 Qxe6 25.Bxf8 Rxb1+ 26.Nxb1 Kxf8 27.h3 Qf5 28.Nd2 Ra2
29.Qe3 Qf4 30.Qxf4 exf4 31.Ne4 Ra1+ 32.Kh2 Rc1 33.c5 Ke7 34.h4 f5 35.Ng5 h6
36.Nh3 Rc4 37.f3 Kf6 38.c6 g5 39.hxg5+ hxg5 40.Nf2 Rxc6 41.Nh3 Rc2 42.Kg1 Kg6
43.Nf2 Rd2 44.Nh3 Kh5 45.Kh1 Kh4 46.Kh2 g4 47.Ng1 Ra2 48.Kh1 Kg3  0-1

[Event "ProMoPro Open"]
[Site "Prague CZE"]
[Date "2003.09.09"]
[Round "4"]
[White "Stross,F"]
[Black "Kucera,T"]
[Result "1-0"]
[WhiteElo "2229"]
[BlackElo "2111"]

1.e4 c5 2.Nc3 Nc6 3.Bb5 Nd4 4.Bc4 e6 5.Nf3 Qc7 6.O-O Nf6 7.d3 a6 8.a4 Ng4
9.g3 Nxf3+ 10.Qxf3 Ne5 11.Qe2 Nxc4 12.dxc4 Be7 13.Bf4 Qc6 14.Rfd1 O-O 15.Nb5 f5
16.Bd6 Bxd6 17.Rxd6 Qxe4 18.Qxe4 fxe4 19.Nc7 Rb8 20.a5 Rf5 21.Rb6 Kf7 22.Nxa6 Ra8
23.Nc7 Rb8 24.a6  1-0

[Event "TCh-CRO"]
[Site "Rabac CRO"]
[Date "2003.09.10"]
[Round "4"]
[White "Horvath,Cs1"]
[Black "Cebalo,M"]
[Result "1/2-1/2"]
[WhiteElo "2513"]
[BlackElo "2510"]

1.e4 c5 2.Nc3 Nc6 3.Bb5 g6 4.Bxc6 dxc6 5.d3 Bg7 6.Be3 b6 7.Qd2 Nf6 8.Bh6 O-O
9.Bxg7 Kxg7 10.f4 e5 11.Nf3 exf4 12.Qxf4 Nh5 13.Qd2 Bg4 14.O-O h6 15.Rf2 Qe7
16.Raf1 Rad8 17.Nd1 Kh7 18.Ne3 Bc8 19.Qc3 Rde8 20.Nc4 Be6 21.Nfd2 f5 22.exf5  1/2-1/2

[Event "TCh-CRO"]
[Site "Rabac CRO"]
[Date "2003.09.10"]
[Round "4"]
[White "Zamostni,J"]
[Black "Kozul,Z"]
[Result "0-1"]
[WhiteElo "2228"]
[BlackElo "2596"]

1.e4 c5 2.Nf3 Nc6 3.Nc3 d6 4.d4 cxd4 5.Nxd4 Nf6 6.Bc4 e6 7.Be3 a6 8.Bb3 Na5
9.g4 h6 10.f3 b5 11.Qe2 Bb7 12.O-O-O Nxb3+ 13.axb3 Nd7 14.Kb1 Be7 15.Qf2 Bh4
16.Qd2 O-O 17.Rhg1 Be7 18.g5 g6 19.gxh6 Kh7 20.Qg2 Rg8 21.Qh3 b4 22.Na4 Rc8
23.Rd2 Qe8 24.Qg3 e5 25.Ne2 Rc6 26.c3 a5 27.f4 Nf6 28.Qf3 Rc4  0-1

[Event "14th ch-NATO"]
[Site "Hoevelte DEN"]
[Date "2003.09.11"]
[Round "5"]
[White "Mueller,Fa"]
[Black "Zengin,S"]
[Result "1-0"]
[WhiteElo "2207"]
[BlackElo "2108"]

1.e4 c5 2.Nc3 Nc6 3.Nf3 Nf6 4.d4 cxd4 5.Nxd4 e5 6.Ndb5 d6 7.Nd5 Nxd5 8.exd5 Nb8
9.c4 Be7 10.Be3 a6 11.Nc3 O-O 12.Be2 f5 13.f4 exf4 14.Bxf4 Nd7 15.Qd2 Ne5
16.O-O Bf6 17.Rac1 Bd7 18.b4 Rc8 19.Nd1 g5 20.Be3 f4 21.Bd4 Bf5 22.c5 g4
23.Rxf4 Bg5 24.Be3 Bxf4 25.Bxf4 Qf6 26.Bg3 h5 27.Ne3 h4 28.Nxf5 hxg3 29.Nxg3 Qf4
30.Qc3 a5 31.a3 axb4 32.axb4 Qf2+ 33.Kh1 Rf4 34.Qd2 Rcf8 35.c6 Nf3 36.Qd1 Nxh2
37.Kxh2 R8f6 38.Bxg4 Rh6+ 39.Bh3 Rfh4 40.Nh5 R6xh5 41.Rc3 Rg5 42.Qg1 Qf4+
43.Kh1 bxc6 44.dxc6 Qxb4 45.Qe3 Qg4 46.Kg1 Qd1+ 47.Kh2 Qg4 48.Qxg5+ Qxg5
49.Rg3 Qxg3+ 50.Kxg3 Rh7 51.Bd7 Kf8 52.c7 Rxd7 53.c8=Q+ Ke7 54.Kf4 d5 55.Ke3 Ke6
56.Kd4 Kd6 57.Qc5+ Ke6 58.Qc6+ Ke7 59.g4 Rd6 60.Qc7+ Rd7 61.Qe5+ Kd8 62.g5 Re7
63.Qh8+ Kd7 64.Kxd5 Re1 65.g6 Rd1+ 66.Ke4 Re1+ 67.Kf3 Rf1+ 68.Ke2  1-0

[Event "LXXVII ch-ARG"]
[Site "Tres de Febrero ARG"]
[Date "2003.09.11"]
[Round "9"]
[White "Ucha,L"]
[Black "Varela,D"]
[Result "0-1"]
[WhiteElo "2106"]
[BlackElo "2164"]

1.e4 c5 2.Nc3 Nc6 3.Nge2 Nf6 4.d4 cxd4 5.Nxd4 e5 6.Nf3 Bb4 7.Bg5 Qa5 8.Qd3 Bxc3+
9.bxc3 Nxe4 10.Qxe4 Qxc3+ 11.Kd1 Qxa1+ 12.Kd2 Qxa2 13.Bc4 Qa5+ 14.Ke2 f6
15.Bd2 Qc5 16.Be3 Nd4+ 17.Kd3 d5 18.Qxd5 Bf5+ 19.Kd2 Nxf3+ 20.gxf3 Qxd5+
21.Bxd5 O-O-O 22.c4 Be6 23.Bxa7 Bxd5 24.cxd5 Rxd5+  0-1

[Event "TCh-CRO"]
[Site "Rabac CRO"]
[Date "2003.09.12"]
[Round "6"]
[White "Movsesian,S"]
[Black "Fedorov,Alex"]
[Result "1/2-1/2"]
[WhiteElo "2647"]
[BlackElo "2595"]

1.e4 c5 2.Nc3 Nc6 3.Nge2 g6 4.d4 cxd4 5.Nxd4 Bg7 6.Be3 Nf6 7.Bc4 O-O 8.Bb3 a5
9.O-O d6 10.h3 Nxd4 11.Bxd4 Bd7 12.a4 Bc6 13.Qd3 Nd7 14.Bxg7 Kxg7 15.Rad1 Nc5
16.Qd4+ Kg8 17.Bd5 Qb6 18.b3 Nd7 19.Qd2 Qc5 20.Kh1 Nf6 21.Rfe1 Rad8 22.Bc4 e6
23.Qd4 Qxd4 24.Rxd4 Rd7 25.Red1 Rfd8 26.f3 Kf8 27.Kg1  1/2-1/2

[Event "ch-Nordic"]
[Site "Aarhus DEN"]
[Date "2003.09.13"]
[Round "7"]
[White "Hector,J"]
[Black "Schandorff,L"]
[Result "1/2-1/2"]
[WhiteElo "2538"]
[BlackElo "2525"]

1.e4 c5 2.Nf3 Nc6 3.Nc3 e5 4.Bc4 Be7 5.d3 d6 6.Nd2 Nf6 7.Nf1 Bg4 8.Qd2 O-O
9.a3 Nd7 10.Nd5 Nb6 11.Ba2 Be6 12.b4 Qd7 13.Nfe3 Bg5 14.O-O Ne7 15.bxc5 Nbxd5
16.exd5 Bxd5 17.cxd6 Qxd6 18.Qb4 Qxb4 19.axb4 Bxa2 20.Rxa2 a6 21.Nc4 Bxc1
22.Rxc1 Nd5 23.Rb2 f6 24.g3 Rad8 25.Ra1 Nc3 26.f3 Rf7 27.Kf2 Rc7 28.Rb3 Nb5
29.Rbb1 Nc3 30.Rb3 Nb5 31.Rbb1 Nc3  1/2-1/2

[Event "EYg18"]
[Site "Budva YUG"]
[Date "2003.09.14"]
[Round "2"]
[White "Valickova,M"]
[Black "Ciobanu,C"]
[Result "0-1"]
[WhiteElo "2046"]
[BlackElo "2251"]

1.e4 c5 2.Nf3 Nc6 3.Nc3 d6 4.d4 cxd4 5.Nxd4 Nf6 6.f4 e6 7.Nf3 Qa5 8.Bd3 d5
9.exd5 exd5 10.Qe2+ Be7 11.O-O O-O 12.Kh1 Re8 13.Bd2 Bg4 14.Qf2 Nb4 15.Ne5 Nxd3
16.cxd3 Bf5 17.Be3 Qa6 18.Rad1 b5 19.h3 Qb7 20.Ne2 Bxh3 21.gxh3 d4+ 22.Kh2 dxe3
23.Qxe3 Rad8 24.Rg1 Bf8 25.Ng3 Nd5 26.Qf3 f6 27.Ng4 Qf7 28.Nf5 Kh8 29.Rg2 g6
30.Nfe3 h5 31.Nxd5 hxg4 32.hxg4 Qxd5 33.Qh3+ Kg8 34.Rh1 Qxd3 35.Qh4 Be7  0-1